书目信息 |
| 题名: |
中外美术简史
|
|
| 作者: | 张邦兴, 编著 | |
| 分册: | ||
| 出版信息: | 北京 中国文联出版社 2005 |
|
| 页数: | 111页 | |
| 开本: | 29cm | |
| 丛书名: | ||
| 单 册: | ||
| 中图分类: | J110.9 | |
| 科图分类: | ||
| 主题词: | 美术史--mei shu shi--专业学校--世界--教材 | |
| 电子资源: | ||
| ISBN: | 7-5059-4962-4 | |
| 000 | 00922nam0 2200265 450 | |
| 001 | CAL 012006020903 | |
| 005 | 20061121111932.95 | |
| 010 | @a7-5059-4962-4@dCNY 12.60 | |
| 099 | @aCAL 012006020903 | |
| 100 | @a20060223d2005 em y0chiy0121 ea | |
| 101 | 0 | @achi |
| 102 | @aCN@b110000 | |
| 105 | @aac z 000yd | |
| 200 | 1 | @a中外美术简史@Azhong wai mei shu jian shi@f张邦兴著 |
| 210 | @a北京@c中国文联出版社@d2005 | |
| 215 | @a111页@c图, 肖像@d29cm | |
| 300 | @a中央美术学院附属中等美术学校 | |
| 314 | @a张邦兴, 四川成都人. 中央美术学院副教授, 中央美术学院附中美术史论兼书法教员, 中国美术家协会北京分会会员. 出版有《张邦兴画集》和理论专著《艺术鉴赏》及大型画册《画苑遗珍》. | |
| 333 | @a美术专业者 | |
| 606 | 0 | @a美术史@Amei shu shi@x专业学校@z世界@j教材 |
| 690 | @aJ110.9@v4 | |
| 701 | 0 | @a张邦兴,@Azhang bang xing@f1947- @4编著 |
| 801 | @aCN@c20061121 | |
| 905 | @apdsgxy@dJ110.9@eZ077 | |
| 998 | @aSCUEC | |
| 中外美术简史/张邦兴著.-北京:中国文联出版社,2005 |
| 111页:图, 肖像;29cm |
| 中央美术学院附属中等美术学校.-使用对象:美术专业者 |
| ISBN 7-5059-4962-4:CNY 12.60 |
| ● |
| 相关链接 |
|
|
|
正题名:中外美术简史
索取号:J110.9/Z077
 
预约/预借
| 序号 | 登录号 | 条形码 | 馆藏地/架位号 | 状态 | 备注 |
| 1 | 613418 | 206134182 | 社科库309/309社科库 65排3列3层/ [索取号:J110.9/Z077] | 在馆 | |
| 2 | 613419 | 206134191 | 社科库309/ [索取号:J110.9/Z077] | 在馆 | |
| 3 | 613420 | 206134208 | 社科库309/309社科库 65排3列3层/ [索取号:J110.9/Z077] | 在馆 |